000 01303cam a2200385 i 4500
001 35270
003 KOSZ 005
005 20211118091058.0
008 070620s1969 pl a f |000 0 pol
015 _aPB 1969/6136
040 _aWA N
_cWA N
_dKOSZ 005/HR
046 _k1969
080 _a625.7/.8
080 _a(075.3)
100 1 _aBuszma, Eugeniusz
_d(1906-1974)
_eAutor
245 1 0 _aBudowa dróg.
_nCz. 1 /
_cEugeniusz Buszma, Julian Domaradzki, Stefan Rolla.
250 _aWyd. 2 zm.
260 _a[Warszawa] :
_bPaństwowe Wydawnictwo Szkolnictwa Zawodowego,
_c1969.
300 _a337, [2] s., 2 k. tabl. :
_bil. .;
_c23 cm.
380 _aKsiążki
388 _a1901-2000
388 _a1945-1989
500 _aWyd. 1 pt. Budowa i utrzymanie dróg i ulic.
521 8 _aDla kl. 2 i 3 technikum.
650 4 _aDrogi
650 4 _aUlice
650 4 _aBudownictwo infrastrukturalne
655 4 _aPodręczniki dla szkół zawodowych
658 _aTransport i logistyka
658 _aArchitektura i budownictwo
700 1 _aRolla, Stefan
_d(1917-2009)
_eAutor
700 1 _aDomaradzki, Julian
_eAutor
856 _uhttp://koha.tu.koszalin.pl/cgi-bin/koha/opac-detail.pl?biblionumber=35270
_yKatalog online BPK
942 _2UKD
_cKS
999 _c35270
_d35270